00746cam a22002171 450000100060000000300080000600500170001400800390003103500190007003500180008904000320010704100080013908200200014710000350016724500590020226000420026130000260030350001670032950400190049665000130051528956BD-RjUL20211209051343.0140401r19661932nyu 001 0 eng a(BD-RjUL)29040 a(OCoLC)371391 aDLCcODaWUdOCoLCdDLCbeng aeng a149.2bSEP 19661 aSellars, Roy Wood,d1880-1973.14aThe philosophy of physical realism /cRoy Wood Sellars aNew York :bRussell & Russell,c1966. axiv, 533 p. :c24 cm. aFirst published in 1932. Reissued 1966 with 2 additional chapters: American critical realism and British theories of sense--perception, by G. E. Moore and others. aIncludes index 0aRealism.